| 000 | 00367nam a2200157 4500 | ||
|---|---|---|---|
| 008 | 190603s1984||||xo d | ||
| 100 | 1 |
_aBorovicka V.P. _91164 |
|
| 245 | 1 | 0 | _aAtentáty, ktoré mali zmenit svet |
| 260 |
_aBratislava _c1984 _bObzor |
||
| 041 | 1 | _aslo | |
| 044 |
_axo _cSK |
||
| 250 | _a3. vydanie | ||
| 300 | _a624 s. | ||
| 020 | _c0 | ||
| 958 | _aA | ||
| 999 |
_c22468 _d22468 |
||